000 00337nam a22001457a 4500
008 210305b ||||| |||| 00| 0 eng d
020 _a0397541619
041 _aeng
080 _23rd
_a610.73
082 _a610.73
100 _a1
101 _aINF
245 _aTextbook of Medical-Surgical Nursing
_cBrunner, L. SH
942 _2udc
_cBK
999 _c55884
_d55884